000 00381nam a2200133Ia 4500
008 100328s9999 xx 000 0 und d
082 _b10813
100 _aदत्ता केशव
245 _aांदेवाईक
260 _bचित्रशाळा प्रेस
630 _aांदेवाईक
730 _aांदेवाईक
942 _cBOOK
999 _c506155
_d506152